000
00321pab a2200145 454500
008
180718b1995 xxu||||| |||| 00| 0 eng d
100
_a
Hicks, Colin
245
_a
Public service ethics
260
_c
1995
300
_a
p.24-26
362
_a
Sep
650
_a
Civil service
773
_a
Public Sector
909
_a
29786
999
_c
29786
_d
29786